Shrikrashnamrata sara. (Record no. 114021)

MARC details
000 -LEADER
fixed length control field 00532nam a2200193Ia 4500
003 - CONTROL NUMBER IDENTIFIER
control field OSt
005 - DATE AND TIME OF LATEST TRANSACTION
control field 20251004100019.0
008 - FIXED-LENGTH DATA ELEMENTS--GENERAL INFORMATION
fixed length control field 210210b1982 xxu||||| |||| 00| 0 eng d
040 ## - CATALOGING SOURCE
Transcribing agency AL
041 ## - LANGUAGE CODE
Language code of text/sound track or separate title Kannada
082 ## - DEWEY DECIMAL CLASSIFICATION NUMBER
Classification number K894.1 KRAS
100 ## - MAIN ENTRY--PERSONAL NAME
Personal name SI PI KE.
Dates associated with a name ಸಿ ಪಿ ಕೆ
9 (RLIN) 241480
245 ## - TITLE STATEMENT
Title Shrikrashnamrata sara.
Remainder of title ಶ್ರೀಕೃಷ್ಣಾಮೃತ ಸಾರ
260 ## - PUBLICATION, DISTRIBUTION, ETC.
Place of publication, distribution, etc. Maisuru
Name of publisher, distributor, etc. Chitrabhanu Prakashana
Date of publication, distribution, etc. 1982
300 ## - PHYSICAL DESCRIPTION
Extent 28
690 ## - LOCAL SUBJECT ADDED ENTRY--TOPICAL TERM (OCLC, RLIN)
Topical term or geographic name as entry element Kannada Poetry
9 (RLIN) 241481
906 ## - LOCAL DATA ELEMENT F, LDF (RLIN)
a SG03241
942 ## - ADDED ENTRY ELEMENTS (KOHA)
Source of classification or shelving scheme Dewey Decimal Classification
Koha item type Special Grants
Holdings
Withdrawn status Lost status Source of classification or shelving scheme Damaged status Not for loan Collection code Home library Current library Shelving location Date acquired Cost, normal purchase price Total Checkouts Full call number Barcode Date last seen Price effective from Koha item type
    Dewey Decimal Classification     Kannada St Aloysius Library St Aloysius Library   02/17/2021 0.00   K894.1 KRAS SG03241 02/17/2021 02/17/2021 Special Grants